| 000 -LEADER |
| fixed length control field |
00886nam a2200217Ia 4500 |
| 001 - CONTROL NUMBER |
| control field |
8883 |
| 003 - CONTROL NUMBER IDENTIFIER |
| control field |
GE_BSU |
| 008 - FIXED-LENGTH DATA ELEMENTS--GENERAL INFORMATION |
| fixed length control field |
181216s||||||||xx |||||||||||||| ||und|| |
| 040 ## - CATALOGING SOURCE |
| Transcribing agency |
GE_BSU |
| 080 ## - UNIVERSAL DECIMAL CLASSIFICATION NUMBER |
| Universal Decimal Classification number |
821.353.1-32+94(479.22)+910.4+27-36(479.22) |
| 100 ## - MAIN ENTRY--PERSONAL NAME |
| Personal name |
იოანე,ბატონიშვილი |
| 245 ## - TITLE STATEMENT |
| Title |
ხუმარსწავლა:კალმასობა: 4 წიგნად |
| 245 ## - TITLE STATEMENT |
| Statement of responsibility, etc. |
სარედ. კოლ. ა.ბარამიძე, ე.მეტრველი. ს.ცაიშვილი. ტექსტი გამოს. მოამზადეს ც. კახაბრიშვილმა |
| 260 ## - PUBLICATION, DISTRIBUTION, ETC. |
| Place of publication, distribution, etc. |
თბილისი |
| 260 ## - PUBLICATION, DISTRIBUTION, ETC. |
| Name of publisher, distributor, etc. |
მერანი |
| 260 ## - PUBLICATION, DISTRIBUTION, ETC. |
| Date of publication, distribution, etc. |
1991 |
| 300 ## - PHYSICAL DESCRIPTION |
| Extent |
574გვ.20სმ. |
| 653 ## - INDEX TERM--UNCONTROLLED |
| Uncontrolled term |
ხუმარსწავლა:კალმასობა |
| 942 ## - ADDED ENTRY ELEMENTS (KOHA) |
| Koha item type |
წიგნი |